Non-cointegration and causality: implications for VAR modelling.

Testy na kointegráciu a príčinnú súvislosť pri skúmaní vzájomných vzťahov v mimopoľnohospodárskej zamestnanosti medzi štátmi, regiónmi a USA vcelku. Testy ukazujú, že štáty a regióny nie sú obvykle "v rovnováhe" s inými štátmi a regiónmi, ako aj s ekonomikou USA vcelku. Ekonomická aktivita USA ovply...

Descrizione completa

Salvato in:
Dettagli Bibliografici
Autore principale: Shoesmith, G.L
Natura: Capitolo di libro
Lingua:inglese
Soggetti:
Tags: Aggiungi Tag
Nessun Tag, puoi essere il primo ad aggiungerne!!

MARC

LEADER 00000naa a2200000 4500
001 r011173
005 20221130113008.6
041 0 |a eng 
044 |a NL 
245 1 0 |a Non-cointegration and causality: implications for VAR modelling.  |c G.L. Shoesmith 
520 |a Testy na kointegráciu a príčinnú súvislosť pri skúmaní vzájomných vzťahov v mimopoľnohospodárskej zamestnanosti medzi štátmi, regiónmi a USA vcelku. Testy ukazujú, že štáty a regióny nie sú obvykle "v rovnováhe" s inými štátmi a regiónmi, ako aj s ekonomikou USA vcelku. Ekonomická aktivita USA ovplyvňuje štátnu a regionálnu aktivitu v čase, ale bez udržania rovnovážnych vzťahov. Výsledky autoregresných prognóz môžu mať významný dopad na špecifikáciu regionálnych modelov touto metódou. 
610 2 0 |a modelovanie 
610 2 0 |a testy 
610 2 0 |a zamestnanosť 
610 2 0 |a prognózy 
610 2 0 |a USA 
610 2 0 |a regióny 
610 2 0 |a modely ekonomické 
100 1 |a Shoesmith, G.L.